| 000 | 00645nam a2200181Ia 4500 | ||
|---|---|---|---|
| 008 | 100920s9999 xx 000 0 und d | ||
| 082 |
_b85543 _a891.464 न 01 |
||
| 100 | _aअनु. डहाणूकर शरदिनी. /लाला आर. एम. | ||
| 245 | _aजल्लोष पेशींचा. | ||
| 260 |
_bउत्कर्ष प्रकाशन, पुणे 4. _c2001 |
||
| 300 |
_a127 _bसाधी |
||
| 365 | _b100 | ||
| 520 | _aनिबंध. | ||
| 630 | _aजल्लोष पेशींचा. | ||
| 650 | _aनिबंध. | ||
| 730 | _aजल्लोष पेशींचा. | ||
| 942 | _cBOOK | ||
| 999 |
_c726055 _d726052 |
||